000 00465nam a22001697u 4500
008 130405s1982 xxu||||| |||| 00| 0 spa d
020 _a8485887050
041 _aspa
100 1 _aCordon, Faustino
_932056
245 0 0 _aLa función de la ciencia en la sociedad
_cFaustino Cordon
260 _aBarcelona:
_bAntrophos,
_c1982
300 _a177 p.
_c;19 cm.
490 0 _aMonografías Científicas
_v2
650 0 4 _aSociología
_915857
942 _cBK
001 76463
999 _c279398
_d279398